El prodigio de los números : desafíos, paradojas y curiosidades matemáticas

Bibliographic Details
Main Author: Pickover, Clifford A.
Format: Section = Libro
Language:Undetermined
Spanish
Published: Barcelona Ediciones Robinbook 2002
Subjects:
LEADER 00588nam a2200205Ia 4500
008 240829s9999 xx 000 0 und d
020 |a 84-95601-39-7 
040 |a BIBLIOTECA-RUSB/ 510 P594p 
041 |a spa 
082 |a 510 P594p 
100 1 |a Pickover, Clifford A. 
245 1 0 |a El prodigio de los números : desafíos, paradojas y curiosidades matemáticas 
260 |a Barcelona  |b Ediciones Robinbook  |c 2002 
300 |a 304 p. :il. 
650 7 |a MATEMATICAS 
650 7 |b  MATEMATICAS-NUMEROS 
650 7 |c  LENGUAJES MATEMATICOS  
942 |c BK  |2 ddc 
991 |a TEXTO 
999 |c 1278